<?xml version="1.0" encoding="UTF-8"?>
<record
    xmlns:xsi="http://www.w3.org/2001/XMLSchema-instance"
    xsi:schemaLocation="http://www.loc.gov/MARC21/slim http://www.loc.gov/standards/marcxml/schema/MARC21slim.xsd"
    xmlns="http://www.loc.gov/MARC21/slim">

  <leader>00542nam a22001577a 4500</leader>
  <controlfield tag="003">OSt</controlfield>
  <controlfield tag="005">20151102162519.0</controlfield>
  <controlfield tag="008">151102b        xxu||||| |||| 00| 0 eng d</controlfield>
  <datafield tag="040" ind1=" " ind2=" ">
    <subfield code="c">RUA</subfield>
  </datafield>
  <datafield tag="082" ind1=" " ind2=" ">
    <subfield code="a">FOR &#x1798;&#x17C9;&#x17C5; 1995 B120 Or.1</subfield>
  </datafield>
  <datafield tag="100" ind1=" " ind2=" ">
    <subfield code="9">3218</subfield>
    <subfield code="a">&#x1798;&#x17C9;&#x17C5; &#x179F;&#x17CA;&#x17B8;&#x178E;&#x17B6;&#x178F;</subfield>
  </datafield>
  <datafield tag="245" ind1=" " ind2=" ">
    <subfield code="a">&#x1780;&#x17B6;&#x179A;&#x179A;&#x17C0;&#x1794;&#x1785;&#x17C6;&#x1785;&#x17C6;&#x178E;&#x17B6;&#x178F;&#x17CB;&#x1790;&#x17D2;&#x1793;&#x17B6;&#x1780;&#x17CB;&#x17A2;&#x17B6;&#x1784;&#x179A;&#x1784;&#x1791;&#x17B9;&#x1780;&#x1797;&#x17D2;&#x179B;&#x17C0;&#x1784;(watershed)&#x1781;&#x17B6;&#x1784;&#x1787;&#x17BE;&#x1784;&#x1794;&#x17B9;&#x1784;&#x1791;&#x1793;&#x17D2;&#x179B;&#x17C1;&#x179F;&#x17B6;&#x1794;</subfield>
  </datafield>
  <datafield tag="260" ind1=" " ind2=" ">
    <subfield code="a">Phnom Penh</subfield>
    <subfield code="b">RUA</subfield>
    <subfield code="c">1995</subfield>
  </datafield>
  <datafield tag="300" ind1=" " ind2=" ">
    <subfield code="a">65p.</subfield>
    <subfield code="b">ill.</subfield>
    <subfield code="c">29cm.</subfield>
  </datafield>
  <datafield tag="942" ind1=" " ind2=" ">
    <subfield code="2">ddc</subfield>
    <subfield code="c">FOR</subfield>
  </datafield>
  <datafield tag="999" ind1=" " ind2=" ">
    <subfield code="c">3004</subfield>
    <subfield code="d">3004</subfield>
  </datafield>
  <datafield tag="952" ind1=" " ind2=" ">
    <subfield code="0">0</subfield>
    <subfield code="1">0</subfield>
    <subfield code="2">ddc</subfield>
    <subfield code="4">0</subfield>
    <subfield code="6">FOR_&#x1798;&#x17C5;_1995_000000000000000_B120_OR_1</subfield>
    <subfield code="7">0</subfield>
    <subfield code="9">14307</subfield>
    <subfield code="a">LBB</subfield>
    <subfield code="b">LBB</subfield>
    <subfield code="c">B120</subfield>
    <subfield code="d">2015-11-02</subfield>
    <subfield code="o">FOR &#x1798;&#x17C9;&#x17C5; 1995 B120 Or.1</subfield>
    <subfield code="p">RUA026441</subfield>
    <subfield code="r">2015-11-02</subfield>
    <subfield code="w">2015-11-02</subfield>
    <subfield code="y">FOR</subfield>
  </datafield>
  <datafield tag="952" ind1=" " ind2=" ">
    <subfield code="0">0</subfield>
    <subfield code="1">0</subfield>
    <subfield code="2">ddc</subfield>
    <subfield code="4">0</subfield>
    <subfield code="6">FOR_&#x1798;&#x17C5;_1995_000000000000000_B120_OR_2</subfield>
    <subfield code="7">0</subfield>
    <subfield code="9">14308</subfield>
    <subfield code="a">LBB</subfield>
    <subfield code="b">LBB</subfield>
    <subfield code="c">B120</subfield>
    <subfield code="d">2015-11-02</subfield>
    <subfield code="o">FOR &#x1798;&#x17C9;&#x17C5; 1995 B120 Or.2</subfield>
    <subfield code="p">RUA026707</subfield>
    <subfield code="r">2015-11-02</subfield>
    <subfield code="w">2015-11-02</subfield>
    <subfield code="y">FOR</subfield>
  </datafield>
  <datafield tag="952" ind1=" " ind2=" ">
    <subfield code="0">0</subfield>
    <subfield code="1">0</subfield>
    <subfield code="2">ddc</subfield>
    <subfield code="4">0</subfield>
    <subfield code="6">FOR_&#x1798;&#x17C5;_1995_000000000000000_B120_OR_3</subfield>
    <subfield code="7">0</subfield>
    <subfield code="9">14309</subfield>
    <subfield code="a">LBB</subfield>
    <subfield code="b">LBB</subfield>
    <subfield code="c">B120</subfield>
    <subfield code="d">2015-11-02</subfield>
    <subfield code="o">FOR &#x1798;&#x17C9;&#x17C5; 1995 B120 Or.3</subfield>
    <subfield code="p">RUA026635</subfield>
    <subfield code="r">2015-11-02</subfield>
    <subfield code="w">2015-11-02</subfield>
    <subfield code="y">FOR</subfield>
  </datafield>
  <datafield tag="952" ind1=" " ind2=" ">
    <subfield code="0">0</subfield>
    <subfield code="1">0</subfield>
    <subfield code="2">ddc</subfield>
    <subfield code="4">0</subfield>
    <subfield code="6">FOR_&#x1798;&#x17C5;_1995_000000000000000_B120_OR_4</subfield>
    <subfield code="7">0</subfield>
    <subfield code="9">14310</subfield>
    <subfield code="a">LBB</subfield>
    <subfield code="b">LBB</subfield>
    <subfield code="c">B120</subfield>
    <subfield code="d">2015-11-02</subfield>
    <subfield code="o">FOR &#x1798;&#x17C9;&#x17C5; 1995 B120 Or.4</subfield>
    <subfield code="p">RUA010718</subfield>
    <subfield code="r">2015-11-02</subfield>
    <subfield code="w">2015-11-02</subfield>
    <subfield code="y">FOR</subfield>
  </datafield>
  <datafield tag="952" ind1=" " ind2=" ">
    <subfield code="0">0</subfield>
    <subfield code="1">0</subfield>
    <subfield code="2">ddc</subfield>
    <subfield code="4">0</subfield>
    <subfield code="6">FOR_&#x1798;&#x17C5;_1995_000000000000000_B120_OR_5</subfield>
    <subfield code="7">0</subfield>
    <subfield code="9">36936</subfield>
    <subfield code="a">LBB</subfield>
    <subfield code="b">LBB</subfield>
    <subfield code="d">2016-02-03</subfield>
    <subfield code="o">FOR &#x1798;&#x17C9;&#x17C5; 1995 B120 Or.5</subfield>
    <subfield code="p">RUA020661</subfield>
    <subfield code="r">2016-02-03</subfield>
    <subfield code="w">2016-02-03</subfield>
    <subfield code="y">FOR</subfield>
  </datafield>
</record>
